| 000 | 00541nam a2200157 i 4500 | ||
|---|---|---|---|
| 001 | 29206 | ||
| 003 | ES-MaACL | ||
| 005 | 20230906154005.0 | ||
| 007 | t| | ||
| 008 | 030121s1968 sp ||||1| spa d | ||
| 100 | 1 |
_aBallarin Cornel, Angel. _924975 |
|
| 245 | 1 | 3 |
_aEl valle de Benasque _b: formación, pasado, presente y porvenir del valle / _cAngel Ballarin Cornel. |
| 260 |
_a[S.l. : _bs.n., _c1968] ( _eZaragoza : _fTall. Gráf. "La Editorial") |
||
| 300 |
_a207 p., 30 lám. : _b15 map. ; _c21 cm. |
||
| 852 |
_aES-MaACL _jC-49812 _bR.66580 |
||
| 999 |
_c29206 _d29206 |
||